000 004250000a22001690004500
041 0 _aENG
082 0 4 _aG 567 B581o
100 1 _aBibby, Geoffrey
245 1 0 _aLooking for dilmun / Geoffrey Bibby
260 _aNew York, N.Y., USA : Alfred A. Knopf
300 _a383 Pag
001 10316
942 _cBK
999 _c39896
_d39896
336 _atexto
_btxt
_2rdacontent
337 _2rdamedia
_asin mediación
_bn
338 _2rdacarrier
_avolumen
_bnc